Students' companion to the story of my life (Record no. 6578)

MARC details
000 -LEADER
fixed length control field 00717 a2200205 4500
005 - DATE AND TIME OF LATEST TRANSACTION
control field 20080829164737.0
008 - FIXED-LENGTH DATA ELEMENTS--GENERAL INFORMATION
fixed length control field 080829t xxu||||| |||| 00| 0 eng d
010 ## - LIBRARY OF CONGRESS CONTROL NUMBER
LC control number ENG-87443
020 ## - INTERNATIONAL STANDARD BOOK NUMBER
International Standard Book Number 8189781081
Terms of availability 50.00
035 ## - SYSTEM CONTROL NUMBER
System control number EN-70976
037 ## - SOURCE OF ACQUISITION
Source of stock number/acquisition DBAD / PUB
082 ## - DEWEY DECIMAL CLASSIFICATION NUMBER
Classification number 921
100 ## - MAIN ENTRY--PERSONAL NAME
Personal name Guha, Kanika
245 ## - TITLE STATEMENT
Title Students' companion to the story of my life
Statement of responsibility, etc by Kanika Guha
260 ## - PUBLICATION, DISTRIBUTION, ETC. (IMPRINT)
Place of publication, distribution, etc Kolkatta
Name of publisher, distributor, etc Academic Publishers
Date of publication, distribution, etc 2006
270 ## - ADDRESS
Address 12/1A Bankim Chatterjee Street
City Kolkatta
Postal code 700 073
300 ## - PHYSICAL DESCRIPTION
Extent 207 p.
Dimensions 21 cm ( pbk.)
942 ## - ADDED ENTRY ELEMENTS (KOHA)
Institution code [OBSOLETE] dpl
Koha item type English Books
Call number prefix 921/GUH
Source of classification or shelving scheme Dewey Decimal Classification
Classification part 921
Call number suffix GUH
Holdings
Withdrawn status Lost status Damaged status Not for loan Home library Current library Date acquired Cost, normal purchase price Total Checkouts Full call number Barcode Date last seen Copy number Uniform Resource Identifier Cost, replacement price Price effective from Koha item type
        D.B.Act.Division D.B.Act.Division 29/08/2008 50.00   921 GUH EN-70976 15/09/2008 1 7073 50.00 15/09/2008 English Books

© Delhi Public Library
Hit Counter
free hit counter